[Event "ICS rated bullet match"]
[Site "204.178.125.65"]
[Date "2000.11.26"]
[Round "?"]
[White "Xamkov"]
[Black "Hossa"]
[Result "0-1"]
[WhiteElo "2023"]
[BlackElo "2611"]
[PlyCount "34"]
[EventDate "2000.??.??"]

1. d4 e6 2. Nf3 c5 3. e3 d5 4. c3 Nf6 5. Bd3 c4 6. Bc2 Bd6 7. a4 Nc6 8. Nbd2
Bd7 9. b3 cxb3 10. Bxb3 O-O 11. c4 Nb4 12. cxd5 Nd3+ 13. Kf1 exd5 14. Qe2 Bf5
15. Ba3 Bxa3 16. Rxa3 Ng4 17. Nh4 Qxh4 {Xamkov resigns} 0-1

[Event "ICS rated bullet match"]
[Site "204.178.125.65"]
[Date "2000.11.26"]
[Round "?"]
[White "Hossa"]
[Black "Xamkov"]
[Result "1-0"]
[WhiteElo "2612"]
[BlackElo "2022"]
[PlyCount "43"]
[EventDate "2000.??.??"]

1. e4 c5 2. c3 e6 3. d4 d5 4. e5 cxd4 5. cxd4 Nc6 6. Nf3 a6 7. Nc3 b5 8. Bd3
Bb7 9. a3 Nge7 10. O-O Ng6 11. Be3 Be7 12. Qc2 f6 13. Bxg6+ hxg6 14. Qxg6+ Kf8
15. Ne2 Rh6 16. Bxh6 gxh6 17. Qxh6+ Ke8 18. exf6 Kd7 19. Qh7 Kd6 20. fxe7 Nxe7
21. Ne5 Nf5 22. Nf7+ {Xamkov resigns} 1-0

[Event "ICS rated blitz match"]
[Site "204.178.125.65"]
[Date "2000.11.26"]
[Round "?"]
[White "zs"]
[Black "Hossa"]
[Result "0-1"]
[WhiteElo "1906"]
[BlackElo "2529"]
[PlyCount "70"]
[EventDate "2000.??.??"]

1. d3 e5 2. g3 d5 3. Bg2 Nf6 4. e3 Bd6 5. Ne2 O-O 6. O-O Na6 7. h3 c6 8. Kh2
Be6 9. b3 Nd7 10. Bb2 Qe7 11. a3 Bf5 12. Nd2 Rfe8 13. g4 Be6 14. Ng3 Red8 15.
f4 exf4 16. exf4 Nf8 17. f5 Qc7 18. Qf3 Bd7 19. Rae1 h5 20. gxh5 Bxf5 21. Re3
Re8 22. Bd4 Ne6 23. Bb2 Bf4 24. Re2 Bh7 25. Bc1 Rf8 26. Nb1 Bxc1 27. Rxc1 Nd4
28. Qg4 Nxe2 29. Qxe2 Qd6 30. Qg4 f5 31. Qg5 f4 32. h6 fxg3+ 33. Kg1 Qxh6 34.
Qxh6 gxh6 35. Rf1 Rxf1+ {zs resigns} 0-1

[Event "ICS rated blitz match"]
[Site "204.178.125.65"]
[Date "2000.11.26"]
[Round "?"]
[White "Hossa"]
[Black "KESKSMAN"]
[Result "1-0"]
[WhiteElo "2532"]
[BlackElo "2097"]
[PlyCount "115"]
[EventDate "2000.??.??"]

1. e4 e6 2. d4 d5 3. Nd2 c5 4. exd5 Qxd5 5. Ngf3 cxd4 6. Bc4 Qd6 7. O-O Nc6 8.
Ne4 Qc7 9. Nxd4 Nf6 10. Nb5 Qa5 11. Ned6+ Bxd6 12. Qxd6 Nd5 13. Bxd5 Qxb5 14.
c4 Qb6 15. c5 Qa6 16. Bf3 Bd7 17. Bg5 f6 18. Bh5+ Kd8 19. Bd2 Ne5 20. Qxa6 bxa6
21. Ba5+ Ke7 22. Bc7 Rac8 23. Bd6+ Kd8 24. Rfc1 g6 25. Bxe5 fxe5 26. Bf3 Ke7
27. c6 Be8 28. Rc3 g5 29. c7 Bd7 30. Bb7 Rcf8 31. Re1 Bc8 32. Bxc8 Rxc8 33.
Rxe5 Kf6 34. Ra5 Rhf8 35. Rxa6 Rf7 36. Rf3+ Ke7 37. Rxf7+ Kxf7 38. Rxa7 Ke7 39.
a4 Kd7 40. b4 e5 41. b5 e4 42. b6 Kc6 43. b7 Kxc7 44. bxc8=Q+ Kxc8 45. Rxh7 Kd8
46. Rg7 Ke8 47. Rxg5 e3 48. Re5+ Kd7 49. Rxe3 Kd6 50. f4 Kd5 51. Kf2 Kd4 52.
Kf3 Kd5 53. Rd3+ Kc5 54. Ke4 Kb4 55. Kd5 Ka5 56. Kc5 Kxa4 57. Rc3 Ka5 58. Ra3#
{KESKSMAN checkmated} 1-0

[Event "ICS rated bullet match"]
[Site "204.178.125.65"]
[Date "2000.11.26"]
[Round "?"]
[White "Hossa"]
[Black "Xamkov"]
[Result "1-0"]
[WhiteElo "2613"]
[BlackElo "2028"]
[PlyCount "35"]
[EventDate "2000.??.??"]

1. e4 c5 2. c3 e6 3. d4 d5 4. e5 Nc6 5. Nf3 cxd4 6. cxd4 Qb6 7. Be2 f6 8. exf6
Nxf6 9. Nc3 Bd6 10. O-O O-O 11. Nb5 Bb8 12. Be3 a6 13. Qa4 Ne4 14. Bd3 Bf4 15.
Bxf4 axb5 16. Qxa8 Rxf4 17. Qxc8+ Rf8 18. Qxe6+ {Xamkov resigns} 1-0

[Event "ICS Rated blitz match"]
[Site "204.178.125.65"]
[Date "2000.11.26"]
[Round "?"]
[White "Hossa"]
[Black "zs"]
[Result "1-0"]
[WhiteElo "2534"]
[BlackElo "1901"]
[PlyCount "57"]
[EventDate "2000.??.??"]

1. e4 c6 2. d4 d5 3. Nc3 Nf6 4. e5 Ne4 5. Nxe4 dxe4 6. f3 Bf5 7. fxe4 Bxe4 8.
Nf3 e6 9. Bf4 Nd7 10. Ng5 Bg6 11. Bd3 Be7 12. Bxg6 hxg6 13. Ne4 Nb6 14. O-O Qd5
15. Qd3 Qd7 16. Nd6+ Bxd6 17. exd6 Nd5 18. Be5 Rg8 19. c4 Nb6 20. a4 a5 21. Rf2
Ra6 22. b3 Kd8 23. Bg3 Kc8 24. Raf1 f5 25. Re1 Re8 26. Qe3 Qf7 27. d5 cxd5 28.
Qc5+ Kd7 29. Qc7# {zs checkmated} 1-0

[Event "ICS rated blitz match"]
[Site "204.178.125.65"]
[Date "2000.11.26"]
[Round "?"]
[White "Blindman"]
[Black "Hossa"]
[Result "0-1"]
[WhiteElo "1922"]
[BlackElo "2535"]
[PlyCount "72"]
[EventDate "2000.??.??"]

1. g4 e5 2. h3 d5 3. Bg2 Bc5 4. d3 Ne7 5. c4 dxc4 6. Qa4+ c6 7. Qxc4 Qb6 8. e3
Be6 9. Qc2 Na6 10. Bd2 Bd6 11. Ne2 Nb4 12. Bxb4 Bxb4+ 13. Nbc3 O-O 14. O-O f5
15. g5 f4 16. exf4 exf4 17. Bf3 Bxh3 18. Rfe1 Rf5 19. Ne4 Bxe1 20. Rxe1 Qb4 21.
N2c3 Re5 22. a3 Qb6 23. Re2 Rd8 24. Qd2 Ng6 25. Kh2 Bf1 26. Re1 Bxd3 27. Rd1
Rd4 28. Be2 Bxe2 29. Qxd4 Bxd1 30. Qxd1 Qxb2 31. Qd8+ Nf8 32. Qd6 Rxg5 33. Nxg5
Qxf2+ 34. Kh1 f3 35. Qh2 Qe1+ 36. Qg1 f2 {Blindman resigns} 0-1

[Event "ICS rated blitz match"]
[Site "204.178.125.65"]
[Date "2000.11.26"]
[Round "?"]
[White "Hossa"]
[Black "janderson"]
[Result "1-0"]
[WhiteElo "2536"]
[BlackElo "2528"]
[PlyCount "147"]
[EventDate "2000.??.??"]

1. e4 e5 2. Bc4 Nf6 3. d3 Nc6 4. Nc3 Na5 5. Bb3 Nxb3 6. axb3 d5 7. exd5 Bb4 8.
Bd2 O-O 9. Nf3 Re8 10. O-O Bg4 11. h3 Bxc3 12. bxc3 Bxf3 13. Qxf3 Qxd5 14. Qxd5
Nxd5 15. c4 Ne7 16. f4 Ng6 17. f5 Ne7 18. f6 Nc6 19. fxg7 Kxg7 20. Rf2 Re6 21.
Raf1 f6 22. g4 Nd4 23. Be3 Rg8 24. b4 Rd8 25. Kg2 a6 26. Kg3 Nc6 27. b5 Nd4 28.
bxa6 bxa6 29. h4 h6 30. Bc1 a5 31. Be3 a4 32. Rb1 Ra6 33. Rb7 Rd7 34. Bxd4 exd4
35. Rf1 h5 36. gxh5 Kh6 37. Rb5 a3 38. Ra1 c6 39. Rf5 Rd6 40. c5 Re6 41. Kg4
Kg7 42. Rf4 Re5 43. Rxd4 Rxc5 44. Rd7+ Kg8 45. c4 a2 46. h6 Rca5 47. Rg7+ Kh8
48. Re7 Re5 49. Rxe5 fxe5 50. Kf5 Kh7 51. Kxe5 Kxh6 52. Kd6 Kh5 53. c5 Kxh4 54.
Kc7 Kg5 55. Kb7 Ra3 56. Kxc6 Kf5 57. d4 Ke6 58. d5+ Ke7 59. d6+ Kd8 60. Kd5 Kc8
61. c6 Rd3+ 62. Kc5 Rc3+ 63. Kb5 Rb3+ 64. Kc4 Ra3 65. Rd1 Ra4+ 66. Kb5 Ra7 67.
Rf1 Rd7 68. cxd7+ Kxd7 69. Kc5 Kd8 70. Kc6 Ke8 71. Kc7 a1=Q 72. d7+ Ke7 73.
d8=Q+ Ke6 74. Qd6# {janderson checkmated} 1-0

[Event "ICS rated blitz match"]
[Site "204.178.125.65"]
[Date "2000.11.26"]
[Round "?"]
[White "janderson"]
[Black "Hossa"]
[Result "0-1"]
[WhiteElo "2512"]
[BlackElo "2552"]
[PlyCount "104"]
[EventDate "2000.??.??"]

1. Nf3 Nf6 2. c4 c5 3. Nc3 Nc6 4. d4 cxd4 5. Nxd4 Qa5 6. Nb3 Qb4 7. e3 Ne4 8.
Bd2 Nxd2 9. Qxd2 g6 10. Rd1 Bg7 11. Nd5 Qxd2+ 12. Rxd2 Rb8 13. Be2 O-O 14. c5
a6 15. Nd4 Re8 16. b4 Nxd4 17. exd4 d6 18. a4 Bf5 19. f3 dxc5 20. bxc5 h5 21.
O-O Rbd8 22. Nc7 Rxd4 23. Nxe8 Rxd2 24. Nxg7 Kxg7 25. Bc4 h4 26. Re1 Kf6 27. g4
hxg3 28. hxg3 Bc2 29. a5 Bd1 30. Re4 g5 31. Re3 g4 32. fxg4 Bxg4 33. Rc3 Be6
34. c6 bxc6 35. Bxa6 Bd5 36. Bb7 Ke5 37. Bxc6 Rg2+ 38. Kf1 Bxc6 39. Rxc6 Rxg3
40. Rc7 Kd6 41. Ra7 Rb3 42. Ra6+ Kd5 43. Ra7 Ke6 44. a6 Rb2 45. Ra8 Ra2 46. Ke1
f5 47. Ra7 Kd6 48. Ra8 Kd5 49. a7 Ke4 50. Kd1 f4 51. Ke1 Ke3 52. Rb8 Ra1+ {
janderson resigns} 0-1

[Event "ICS rated bullet match"]
[Site "204.178.125.65"]
[Date "2000.11.26"]
[Round "?"]
[White "achileus"]
[Black "Hossa"]
[Result "0-1"]
[WhiteElo "2258"]
[BlackElo "2614"]
[PlyCount "24"]
[EventDate "2000.??.??"]

1. d4 e6 2. c4 Nf6 3. Nf3 c5 4. d5 exd5 5. cxd5 d6 6. Nc3 g6 7. h3 Bg7 8. Bg5
h6 9. Bh4 O-O 10. e4 Re8 11. Nd2 Nxe4 12. Ncxe4 Qxh4 {achileus resigns} 0-1

[Event "ICS rated bullet match"]
[Site "204.178.125.65"]
[Date "2000.11.26"]
[Round "?"]
[White "Hossa"]
[Black "Lancelot2"]
[Result "0-1"]
[WhiteElo "2618"]
[BlackElo "2182"]
[PlyCount "32"]
[EventDate "2000.??.??"]

1. e4 g6 2. d4 h5 3. Nf3 Bh6 4. Bxh6 Nxh6 5. Bd3 e6 6. O-O Ng4 7. c3 a6 8. Na3
b5 9. h3 Bb7 10. Qe2 Qe7 11. Rac1 Nc6 12. hxg4 hxg4 13. Ne5 Qh4 14. f4 g3 15.
Qh5 Rxh5 16. Nxc6 Qh1# {Hossa checkmated} 0-1

[Event "ICS rated bullet match"]
[Site "204.178.125.65"]
[Date "2000.11.26"]
[Round "?"]
[White "Lancelot2"]
[Black "Hossa"]
[Result "0-1"]
[WhiteElo "2213"]
[BlackElo "2588"]
[PlyCount "42"]
[EventDate "2000.??.??"]

1. g3 Nf6 2. h4 e5 3. Bh3 Bc5 4. e3 Nc6 5. Nc3 O-O 6. Bg2 d5 7. Bh3 d4 8. Bxc8
Rxc8 9. Na4 Be7 10. Nh3 b5 11. Nb6 cxb6 12. Ng5 h6 13. b3 dxe3 14. fxe3 Nb4 15.
c3 Nd3+ 16. Kf1 hxg5 17. hxg5 Ne4 18. Qh5 Nxg3+ 19. Kg2 Nxh5 20. Rxh5 Nxc1 21.
Rxc1 Qxd2+ {Lancelot2 resigns} 0-1

[Event "ICS rated blitz match"]
[Site "204.178.125.65"]
[Date "2000.11.26"]
[Round "?"]
[White "Hobbit"]
[Black "Hossa"]
[Result "0-1"]
[WhiteElo "2120"]
[BlackElo "2566"]
[PlyCount "60"]
[EventDate "2000.??.??"]

1. e4 g6 2. d4 h5 3. Nc3 d6 4. Be3 Nf6 5. f3 d5 6. e5 Nh7 7. Bd3 Bg7 8. Qd2 c5
9. dxc5 Bxe5 10. Nge2 Nc6 11. Bb5 a6 12. Bxc6+ bxc6 13. Bd4 Bxd4 14. Qxd4 O-O
15. O-O-O Re8 16. f4 Nf6 17. h3 Rb8 18. Rdg1 a5 19. g4 Rb4 20. Qe5 Ne4 21. f5
f6 22. Qh2 Nxc3 23. Nxc3 d4 24. Nd1 Qd5 25. gxh5 Bxf5 26. hxg6 Rc4 27. Rg2 Be4
28. Rhg1 Bxg2 29. Rxg2 Rxc5 30. Qf4 Qxg2 {Hobbit resigns} 0-1

[Event "ICS rated blitz match"]
[Site "204.178.125.65"]
[Date "2000.11.26"]
[Round "?"]
[White "Hossa"]
[Black "darkman24"]
[Result "1-0"]
[WhiteElo "2568"]
[BlackElo "2079"]
[PlyCount "49"]
[EventDate "2000.??.??"]

1. d4 Nf6 2. c4 e5 3. dxe5 Ne4 4. Nd2 Nc5 5. b4 Ne6 6. a3 a5 7. b5 d6 8. exd6
Bxd6 9. Bb2 Nd7 10. e3 Ndc5 11. Ngf3 O-O 12. Be2 b6 13. O-O Bb7 14. Qc2 f5 15.
Rfd1 a4 16. Ne5 f4 17. e4 Ng5 18. Nc6 Bxc6 19. bxc6 f3 20. Bxf3 Nb3 21. Nxb3
axb3 22. Qxb3 Nxf3+ 23. gxf3 Qg5+ 24. Kh1 Qf4 25. c5+ {darkman24 resigns} 1-0

[Event "ICS rated blitz match"]
[Site "204.178.125.65"]
[Date "2000.11.26"]
[Round "?"]
[White "darkman24"]
[Black "Hossa"]
[Result "0-1"]
[WhiteElo "2077"]
[BlackElo "2570"]
[PlyCount "56"]
[EventDate "2000.??.??"]

1. e4 g6 2. d4 h5 3. c4 Bg7 4. Nc3 d6 5. Be3 e5 6. f3 exd4 7. Bxd4 Nf6 8. Bd3
Nc6 9. Be3 O-O 10. Nge2 Ne5 11. Qd2 Be6 12. b3 Nxd3+ 13. Qxd3 Nd7 14. Rd1 Qh4+
15. Bf2 Qg5 16. Bg3 h4 17. f4 Qh5 18. Bf2 h3 19. g3 Bg4 20. Bd4 Nc5 21. Qe3
Bxd4 22. Rxd4 Rfe8 23. Kf2 f5 24. Nd5 Qh8 25. Nec3 Qg7 26. b4 Ne6 27. Rd2 c6
28. exf5 Bxf5 {darkman24 resigns} 0-1

[Event "ICS rated blitz match"]
[Site "204.178.125.65"]
[Date "2000.11.26"]
[Round "?"]
[White "Hossa"]
[Black "Valg"]
[Result "0-1"]
[WhiteElo "2572"]
[BlackElo "2759"]
[PlyCount "124"]
[EventDate "2000.??.??"]

1. d4 d5 2. Nf3 Nf6 3. e3 e6 4. b3 c5 5. Bd3 Nc6 6. c3 Bd6 7. dxc5 Bxc5 8. O-O
O-O 9. b4 Bd6 10. b5 Ne7 11. c4 Bd7 12. cxd5 Nfxd5 13. Bb2 Qe8 14. Ng5 f5 15.
Qe2 Rc8 16. Rd1 Qg6 17. Nf3 Qh6 18. Be5 Bxe5 19. Nxe5 Rfd8 20. Bc4 Be8 21. Bb3
Rc5 22. a4 Qf6 23. f4 Ng6 24. Bxd5 Rdxd5 25. Rxd5 Rxd5 26. Na3 Nxe5 27. fxe5
Qxe5 28. Rc1 Rc5 29. Nc4 Qe4 30. Qf1 a6 31. Rc3 Qg4 32. bxa6 bxa6 33. h3 Qg3
34. Qa1 Qc7 35. Qa2 Bf7 36. Qb2 h6 37. Qc2 g6 38. e4 fxe4 39. Qxe4 e5 40. Re3
Rxc4 41. Qxe5 Qxe5 42. Rxe5 Rxa4 43. Kf2 Ra2+ 44. Kf3 a5 45. h4 a4 46. g4 a3
47. Ra5 Ra1 48. h5 gxh5 49. g5 hxg5 50. Kf2 g4 51. Ra8+ Kg7 52. Ra5 a2 53. Rg5+
Kf6 54. Ra5 h4 55. Ra4 g3+ 56. Ke2 g2 57. Ra6+ Kg7 58. Ra7 g1=Q 59. Rxa2 Re1+
60. Kd3 Qe3+ 61. Kc2 Bg6+ 62. Kb2 Rb1# {Hossa checkmated} 0-1

[Event "ICS rated bullet match"]
[Site "204.178.125.65"]
[Date "2000.11.26"]
[Round "?"]
[White "Petrovich"]
[Black "Hossa"]
[Result "0-1"]
[WhiteElo "2358"]
[BlackElo "2591"]
[PlyCount "66"]
[EventDate "2000.??.??"]

1. d4 Nf6 2. c4 g6 3. Nc3 d5 4. cxd5 Nxd5 5. e4 Nxc3 6. bxc3 Bg7 7. Nf3 c5 8.
Rb1 O-O 9. Be2 b6 10. O-O Bb7 11. Qd3 Ba6 12. Qe3 cxd4 13. cxd4 Bxe2 14. Qxe2
Qc7 15. d5 Rc8 16. Bg5 Qc4 17. Qxc4 Rxc4 18. Bxe7 Rxe4 19. d6 Nd7 20. Rbc1 Nc5
21. Rfe1 f5 22. Rxe4 fxe4 23. Ng5 h6 24. Rxc5 bxc5 25. Nxe4 Kf7 26. Nxc5 Rb8
27. g3 Rb2 28. a4 Bd4 29. Ne4 Re2 30. Bh4 Ke6 31. d7 Kxd7 32. Nf6+ Ke6 33. Ng4
g5 {Petrovich resigns} 0-1

[Event "ICS rated blitz match"]
[Site "204.178.125.65"]
[Date "2000.11.26"]
[Round "?"]
[White "Tinker"]
[Black "Hossa"]
[Result "1/2-1/2"]
[WhiteElo "2494"]
[BlackElo "2564"]
[PlyCount "29"]
[EventDate "2000.??.??"]

1. e4 g6 2. d4 h5 3. h4 d6 4. Nc3 Bg7 5. Nf3 Nf6 6. Be2 O-O 7. Ng5 Bg4 8. f3
Bc8 9. Bc4 c6 10. Be2 Qb6 11. Na4 Qa5+ 12. Nc3 Qb6 13. Na4 Qa5+ 14. Nc3 Qb6 15.
Na4 {Game drawn by repetition} 1/2-1/2

[Event "ICS rated standard match"]
[Site "204.178.125.65"]
[Date "2000.11.26"]
[Round "?"]
[White "Hossa"]
[Black "Yace"]
[Result "0-1"]
[WhiteElo "2328"]
[BlackElo "2580"]
[PlyCount "120"]
[EventDate "2000.??.??"]

1. d4 Nf6 2. c4 g6 3. Nc3 Bg7 4. e4 d6 5. Nf3 O-O 6. Be2 e5 7. O-O Nc6 8. d5
Ne7 9. b4 Nh5 10. c5 Nf4 11. Bc4 Bg4 12. h3 Bh5 13. Bxf4 exf4 14. Rc1 a5 15.
cxd6 Qxd6 16. bxa5 Rxa5 17. Nb5 Qb6 18. a4 Bxf3 19. Qxf3 Rxa4 20. Qxf4 Rxc4 21.
Rxc4 Qxb5 22. Rcc1 c6 23. d6 Be5 24. Qd2 Nc8 25. d7 Nd6 26. f4 Qb6+ 27. Kh1 Bd4
28. Rb1 Qa7 29. Rfd1 c5 30. Qe1 Rd8 31. e5 Nf5 32. e6 Kf8 33. g4 Qa3 34. Kh2
Ne3 35. Qe2 fxe6 36. Rd2 Qa5 37. Rd3 Rxd7 38. Kh1 Nc4 39. Qxe6 Re7 40. Qxc4
Re1+ 41. Kg2 Rxb1 42. Qe6 Re1 43. Qd6+ Re7 44. Rxd4 cxd4 45. Qxd4 Re2+ 46. Kf3
Qd2 47. Qxd2 Rxd2 48. h4 b5 49. h5 b4 50. Ke3 Rd7 51. hxg6 b3 52. gxh7 Rxh7 53.
Kd3 Rh2 54. g5 b2 55. Ke3 b1=Q 56. g6 Qe1+ 57. Kd4 Rd2+ 58. Kc4 Qc1+ 59. Kb5
Rb2+ 60. Ka6 Qa1# {Hossa checkmated} 0-1

[Event "ICS rated blitz match"]
[Site "204.178.125.65"]
[Date "2000.11.26"]
[Round "?"]
[White "Valg"]
[Black "Hossa"]
[Result "1/2-1/2"]
[WhiteElo "2774"]
[BlackElo "2561"]
[PlyCount "165"]
[EventDate "2000.??.??"]

1. e4 c5 2. Nf3 Nc6 3. d4 cxd4 4. Nxd4 g6 5. Nc3 Bg7 6. Be3 Qa5 7. Qd2 Nf6 8.
Nb3 Qc7 9. Bf4 d6 10. Be2 b6 11. Bg5 O-O 12. O-O Ng4 13. Nd5 Qb7 14. Bb5 Re8
15. Bxc6 Qxc6 16. Nxe7+ Rxe7 17. Bxe7 Bxb2 18. Rab1 Be5 19. f4 Bc3 20. Qxd6
Qxd6 21. Bxd6 Be6 22. Rfd1 Nf6 23. e5 Ne4 24. a3 Rc8 25. g3 f6 26. Kg2 Bf5 27.
Rf1 Kf7 28. Rf3 Ke6 29. Bb4 fxe5 30. Bxc3 Nxc3 31. Re1 Be4 32. Kf2 Bxf3 33.
Rxe5+ Kf6 34. Kxf3 Nb1 35. Nd4 Nxa3 36. Re6+ Kf7 37. Rc6 Rxc6 38. Nxc6 Nxc2 39.
Nxa7 Ke6 40. Ke4 Kd6 41. g4 Nb4 42. f5 Nd5 43. Nc8+ Kc5 44. Ke5 gxf5 45. gxf5
b5 46. Nd6 Nb6 47. Ke6 Nd5 48. Nxb5 Nf4+ 49. Ke5 Nd3+ 50. Ke4 Nf2+ 51. Ke3 Ng4+
52. Kf4 Nf6 53. Nc3 Kd4 54. Ne2+ Kd5 55. h4 Ne4 56. Nc1 Nf6 57. Na2 h6 58. Nb4+
Kd6 59. Nd3 Kd5 60. Nf2 Kd4 61. Ng4 Nxg4 62. Kxg4 Ke5 63. h5 Kd6 64. Kf4 Kd5
65. f6 Ke6 66. Ke3 Kf7 67. Kf4 Ke6 68. f7 Kxf7 69. Kf5 Kg7 70. Ke6 Kh7 71. Kf7
Kh8 72. Kf8 Kh7 73. Ke8 Kg7 74. Kd8 Kf6 75. Kd7 Kg5 76. Ke6 Kg4 77. Kf6 Kxh5
78. Kf5 Kh4 79. Kf4 Kh5 80. Kg3 Kg6 81. Kh4 Kh7 82. Kh5 Kh8 83. Kxh6 {
Game drawn because neither player has mating material} 1/2-1/2

[Event "ICS rated blitz match"]
[Site "204.178.125.65"]
[Date "2000.11.26"]
[Round "?"]
[White "Hossa"]
[Black "PostModernist"]
[Result "1-0"]
[WhiteElo "2570"]
[BlackElo "2574"]
[PlyCount "107"]
[EventDate "2000.??.??"]

1. d4 Nf6 2. Bf4 d6 3. Nc3 Nc6 4. Nf3 Bf5 5. e3 Qd7 6. Bd3 O-O-O 7. O-O Bxd3 8.
cxd3 e6 9. Rc1 h6 10. e4 g5 11. Be3 g4 12. Ne1 Re8 13. Nc2 h5 14. b4 Bh6 15.
Bxh6 Rxh6 16. Qd2 Ng8 17. b5 Nce7 18. a4 h4 19. f3 g3 20. h3 f5 21. Qg5 Rh8 22.
Rb1 Rf8 23. a5 Nf6 24. Rfc1 Rh5 25. Qd2 Rh7 26. b6 cxb6 27. axb6 a6 28. Ne3 Kb8
29. e5 dxe5 30. dxe5 Nh5 31. Ne2 Nc6 32. Nc4 Qd5 33. f4 Nd4 34. Nc3 Qc5 35. Kh1
Nc6 36. Ne2 Rd8 37. Nd6 Qf2 38. Rc2 Ka8 39. d4 Rxd6 40. exd6 Rd7 41. Rd1 Nxf4
42. Qxf4 Qxf4 43. Nxf4 Rxd6 44. Re1 Rxd4 45. Nxe6 Re4 46. Rxe4 fxe4 47. Re2 Ne7
48. Rxe4 Kb8 49. Nc5 Kc8 50. Rxe7 Kd8 51. Rxb7 Ke8 52. Rd7 Kf8 53. b7 a5 54.
b8=Q# {PostModernist checkmated} 1-0

[Event "ICS rated standard match"]
[Site "204.178.125.65"]
[Date "2000.11.26"]
[Round "?"]
[White "Amateur"]
[Black "Hossa"]
[Result "1-0"]
[WhiteElo "2326"]
[BlackElo "2322"]
[PlyCount "223"]
[EventDate "2000.??.??"]

1. d4 e6 2. Nf3 c5 3. e4 cxd4 4. Nxd4 Nf6 5. Nc3 Nc6 6. Nxc6 bxc6 7. a3 d5 8.
Qf3 Bd6 9. Bg5 d4 10. Bxf6 Qxf6 11. Qxf6 gxf6 12. Ne2 c5 13. Ng3 Bb7 14. Nh5
Ke7 15. f3 Rhg8 16. O-O-O Rg5 17. g4 f5 18. h4 Rxh5 19. gxh5 fxe4 20. fxe4 Bxe4
21. Rh3 Bf4+ 22. Kb1 Rb8 23. Re1 Bf5 24. Rf3 Bd2 25. Re5 Bg4 26. Rd3 Bc3 27. b3
Kd6 28. Rg5 Bf5 29. Rg7 Ke7 30. h6 Bxd3 31. Bxd3 Bd2 32. Rxh7 Kf6 33. Be2 Bf4
34. a4 Bd2 35. Ka2 Be3 36. Ka3 Rf8 37. Bd3 Bc1+ 38. Ka2 Rg8 39. h5 Bd2 40. a5
Rb8 41. a6 Be3 42. Be4 Bc1 43. Kb1 Bf4 44. Ka2 Bg5 45. Bd3 Bc1 46. Bc4 Rf8 47.
Ka1 Bd2 48. Ka2 Rg8 49. Bd3 Rb8 50. Bc4 Bf4 51. Kb1 Rf8 52. Bd3 Bg5 53. Kb2 Bd2
54. Ka3 Bf4 55. Ka4 Rb8 56. Ka3 Be3 57. Ka4 Bc1 58. Bb5 Bxh6 59. Bc6 Rb4+ 60.
Ka3 Bc1+ 61. Ka2 Rb8 62. Bb7 Rf8 63. Bf3 Bh6 64. Ka3 Rb8 65. Bb7 Rg8 66. Ka4
Rg5 67. Bf3 Bf8 68. Kb5 Rf5 69. Be4 Re5 70. Bd3 Rd5 71. Kc6 Rd6+ 72. Kxc5 Rd8+
73. Kc6 Bb4 74. h6 Rb8 75. Kc7 Rg8 76. Kb7 Bc5 77. b4 Bxb4 78. Kxa7 Bd6 79. Kb7
Rb8+ 80. Kc6 Bf4 81. a7 Rd8 82. Be4 Be5 83. Kb5 Ke7 84. a8=Q Rxa8 85. Bxa8 Kf8
86. Be4 Kg8 87. Bd3 Kf8 88. Kc6 Kg8 89. Kd7 Kf8 90. Kd8 Bf6+ 91. Kc7 Be5+ 92.
Kd7 Bf6 93. Kd6 Kg8 94. Be4 d3 95. Bxd3 Bc3 96. Ke7 Bb4+ 97. Ke8 Bf8 98. Rxf7
Bxh6 99. Rf2 Kg7 100. Rg2+ Kf6 101. Rg6+ Ke5 102. Rxh6 Kf4 103. Rxe6 Kf3 104.
c4 Kg3 105. c5 Kf4 106. c6 Kf3 107. c7 Kg2 108. c8=Q Kf2 109. Qc5+ Kf3 110.
Qf5+ Kg3 111. Rg6+ Kh2 112. Qh5# {Hossa checkmated} 1-0

[Event "ICS rated bullet match"]
[Site "204.178.125.65"]
[Date "2000.11.26"]
[Round "?"]
[White "Marpy1"]
[Black "Hossa"]
[Result "0-1"]
[WhiteElo "2304"]
[BlackElo "2603"]
[PlyCount "56"]
[EventDate "2000.??.??"]

1. d4 Nf6 2. Nf3 g6 3. Bg5 Bg7 4. g3 h6 5. Bxf6 Bxf6 6. c3 d5 7. Nbd2 O-O 8.
Bg2 Bf5 9. O-O c6 10. Qb3 Qc7 11. Rfe1 Nd7 12. e4 dxe4 13. Nxe4 Bg7 14. Nfd2 e5
15. Nf3 Rfe8 16. Ned2 Rad8 17. dxe5 Nxe5 18. Nxe5 Rxd2 19. Nf3 Rde2 20. Rxe2
Rxe2 21. Bf1 Re8 22. Re1 Rxe1 23. Nxe1 Qe7 24. Nf3 Be4 25. Qd1 Bd5 26. a3 Qe4
27. Bg2 Qg4 28. Nd4 Qxd1+ {Marpy1 resigns} 0-1

[Event "ICS rated bullet match"]
[Site "204.178.125.65"]
[Date "2000.11.26"]
[Round "?"]
[White "Hossa"]
[Black "Marpy1"]
[Result "1-0"]
[WhiteElo "2608"]
[BlackElo "2267"]
[PlyCount "85"]
[EventDate "2000.??.??"]

1. e4 c6 2. d4 d5 3. Nc3 dxe4 4. Nxe4 Nd7 5. Nf3 Ngf6 6. Ng3 g6 7. Bd3 Bg7 8.
O-O O-O 9. Re1 b6 10. c4 Bb7 11. Bf4 e6 12. Bd6 Re8 13. b4 a5 14. bxa5 Rxa5 15.
Nd2 Ra8 16. Qf3 Nf8 17. Be5 N6d7 18. Bxg7 Kxg7 19. Qf4 Qf6 20. Qg4 Kh8 21. Nf3
Qg7 22. Qf4 Qf6 23. Qc7 Reb8 24. Ne4 Qd8 25. Qxd8 Rxd8 26. Nd6 Rab8 27. Ng5 Kg7
28. Ngxf7 Re8 29. Nxe8+ Rxe8 30. Nd6 Rb8 31. f3 Nf6 32. a4 g5 33. a5 bxa5 34.
Reb1 c5 35. dxc5 Rd8 36. Rxb7+ Rd7 37. c6 Rxb7 38. cxb7 N8d7 39. Rxa5 Kh6 40.
Nf7+ Kg7 41. Nxg5 Nb8 42. Nxe6+ Kf7 43. Ng5+ {Marpy1 resigns} 1-0

[Event "ICS rated blitz match"]
[Site "204.178.125.65"]
[Date "2000.11.26"]
[Round "?"]
[White "PostModernist"]
[Black "Hossa"]
[Result "1/2-1/2"]
[WhiteElo "2559"]
[BlackElo "2586"]
[PlyCount "151"]
[EventDate "2000.??.??"]

1. d4 Nf6 2. c4 g6 3. Nf3 Bg7 4. Nc3 d5 5. e3 O-O 6. Qb3 c6 7. Bd3 dxc4 8. Bxc4
Nbd7 9. Ng5 e6 10. Bxe6 fxe6 11. Nxe6 Qb6 12. Qc4 Kh8 13. Na4 Qa5+ 14. Bd2 Qd5
15. Qxd5 cxd5 16. Nxf8 Bxf8 17. Nc3 Nb6 18. f3 Bb4 19. a3 Bxc3 20. Bxc3 Na4 21.
Rc1 Bd7 22. b3 Nxc3 23. Rxc3 Bc6 24. g4 h6 25. h4 Kg7 26. h5 gxh5 27. gxh5 Rg8
28. Rc2 Kf8 29. Rch2 Rg5 30. a4 Be8 31. Rc2 Rg7 32. Rc8 a6 33. Kf2 Rd7 34. Rh3
Ke7 35. f4 Kd6 36. Ke1 Re7 37. f5 Rc7 38. Rd8+ Ke7 39. Rb8 Bxh5 40. a5 Bg4 41.
Rxh6 Bxf5 42. Ke2 Bc2 43. b4 Be4 44. Rhh8 Ke6 45. Rh6 Rf7 46. Rd8 Kf5 47. Rh4
Rc7 48. Rf8 Kg6 49. Rf4 Rc2+ 50. Kd1 Rc6 51. Rb8 Rc7 52. Rf8 Rf7 53. Rh8 Bf5
54. Rh1 Ne4 55. Rhf1 Nd6 56. Rh1 Re7 57. Rg1+ Kf6 58. Ke2 Ne4 59. Rg8 Ke6 60.
Rf8 Rh7 61. Ke1 Bg6 62. Rg8 Bf7 63. Rf8 Rg7 64. Rf1 Bh5 65. Rh8 Bg6 66. Rg1 Ke7
67. Rh4 Rg8 68. Rhg4 Kf6 69. Rf1+ Ke6 70. Rfg1 Kf7 71. Rf4+ Kg7 72. Rfg4 Kh6
73. Rh4+ Kg7 74. Rhg4 Kh6 75. Rh4+ Kg7 76. Rhg4 {Game drawn by repetition}
1/2-1/2

[Event "ICS rated bullet match"]
[Site "204.178.125.65"]
[Date "2000.11.26"]
[Round "?"]
[White "Astra"]
[Black "Hossa"]
[Result "0-1"]
[WhiteElo "2112"]
[BlackElo "2612"]
[PlyCount "68"]
[EventDate "2000.??.??"]

1. c4 e5 2. Nc3 Nf6 3. Nf3 Nc6 4. e3 Bb4 5. Be2 O-O 6. O-O e4 7. Nd4 Nxd4 8.
exd4 d5 9. cxd5 Bf5 10. f3 exf3 11. Bxf3 Bd3 12. Re1 Qd7 13. Re5 Bd6 14. Re3
Qf5 15. b3 Bc2 16. Qe1 Qf4 17. Ne2 Qxh2+ 18. Kf1 Qh1+ 19. Kf2 Qh4+ 20. Kf1 Qg5
21. Bb2 Nxd5 22. Bxd5 Qxd5 23. Nc3 Qxd4 24. Rc1 Bd3+ 25. Kg1 Bf4 26. Nd1 Qb6
27. Qh4 Bxe3+ 28. Nxe3 Qd6 29. Qg4 f6 30. Rc3 Rfe8 31. Nc4 Re1+ 32. Kf2 Rf1+
33. Ke3 Re8+ 34. Qe4 Rxe4# {Astra checkmated} 0-1

[Event "ICS rated blitz match"]
[Site "204.178.125.65"]
[Date "2000.11.26"]
[Round "?"]
[White "Hossa"]
[Black "fog"]
[Result "1-0"]
[WhiteElo "2585"]
[BlackElo "2410"]
[PlyCount "45"]
[EventDate "2000.??.??"]

1. d4 c5 2. e4 cxd4 3. c3 Nf6 4. e5 Nd5 5. Nf3 Nc6 6. cxd4 d6 7. Be2 Bg4 8. O-O
e6 9. Nc3 Nxc3 10. bxc3 dxe5 11. Nxe5 Bxe2 12. Qxe2 Nxe5 13. dxe5 Qd7 14. Rb1
Be7 15. Qf3 Rb8 16. Qg4 g6 17. Rd1 Qc6 18. Bh6 Bf8 19. Bxf8 Kxf8 20. Qf4 Rg8
21. Rd3 g5 22. Qf6 Qe4 23. Rbd1 {fog resigns} 1-0